| Tag |
First Indicator |
Second Indicator |
Subfields |
| LEADER |
00000cam a2200000Ia 4500 |
| 001 |
in00002783956 |
| 005 |
20151202171819.0 |
| 008 |
120525s2012 enka b 001 0 eng d |
| 015 |
|
|
|a GBB255515
|2 bnb
|
| 016 |
7 |
|
|a 016099633
|2 Uk
|
| 019 |
|
|
|a 698170854
|a 820562628
|
| 020 |
|
|
|a 1849731950 (hbk.)
|
| 020 |
|
|
|a 9781849731959 (hbk.)
|
| 029 |
1 |
|
|a AU@
|b 000049593482
|
| 029 |
1 |
|
|a NLGGC
|b 330604457
|
| 035 |
|
|
|a (OCoLC)795182383
|
| 035 |
|
|
|a (OCoLC)ocn795182383
|
| 040 |
|
|
|a UKMGB
|b eng
|c UKMGB
|d YDXCP
|d BTCTA
|d BDX
|d OCLCO
|d YNK
|d OCLCQ
|d CDX
|d TXA
|d UOH
|d BWX
|d UPM
|d COH
|d KASET
|d OCLCF
|d NLGGC
|d UtOrBLW
|
| 049 |
|
|
|a TXAM
|
| 050 |
|
4 |
|a TP359.H8
|b P34 2012
|
| 082 |
0 |
4 |
|a 665.81
|2 23
|
| 100 |
1 |
|
|a Pagliaro, Mario,
|d 1969-
|
| 245 |
1 |
0 |
|a Solar hydrogen :
|b fuel of the future /
|c Mario Pagliaro, Athanasios G. Konstandopoulos.
|
| 264 |
|
1 |
|a Cambridge :
|b RSC Pub.,
|c [2012]
|
| 264 |
|
4 |
|c ©2012
|
| 300 |
|
|
|a xix, 164 pages :
|b illustrations (chiefly color) ;
|c 24 cm.
|
| 336 |
|
|
|a text
|b txt
|2 rdacontent
|
| 337 |
|
|
|a unmediated
|b n
|2 rdamedia
|
| 338 |
|
|
|a volume
|b nc
|2 rdacarrier
|
| 504 |
|
|
|a Includes bibliographical references and index.
|
| 505 |
0 |
|
|a About the authors -- Hydrogen and solar hydrogen basics -- Water electrolysis with solar electricity -- Thermochemical water splitting -- Solar hydrogen utilization -- Subject index.
|
| 520 |
|
|
|a "Renewable hydrogen produced using solar energy to split water is the energy fuel of the future. Accelerated innovation in both major domains of solar energy (photovoltaics and concentrated solar power) has resulted in the rapid fall of the solar electricity price, opening the route to a number of practical applications using solar H2. New thermochemical water splitting using concentrated solar power (CSP) as well as CSP coupled to electrolysis has the potential to convert and store solar energy into clean hydrogen using a tiny fraction of the world's desert area to meet our present and future global energy needs. Photovoltaics, in turn, has the versatility required for supporting the creation of a distributed energy generation infrastructure in developing countries especially now that the price of PV solar electricity has fallen to unprecedented low levels. In all these cases, solar H2 will be used to store energy and release it on demand either for fuel cells (to power homes and boats) or internal combustion engines and turbines (for powering cars, trucks and in thermoelectric power units). This book on solar hydrogen is unique in its field and is a timely treatment of a hot topic in industry, academic, political and environmental circles. With reference to many examples as well as to new technologies, this accessible book provides insight into a crucial technology for our common future and numerous colour pictures contribute to the book's readability. Written by experts in the field who are engaged at the forefront of research, the book supplies readers with last minute insight from the frontiers of research. The book will be of interest to Politicians, solar PV companies, hydrogen and sustainability researchers, environmentalists, managers in the automotive and nautical industries, undergraduate and graduate students in physics, chemistry, energy and materials science."
|
| 650 |
|
0 |
|a Hydrogen as fuel.
|
| 650 |
|
0 |
|a Thermochemistry.
|
| 650 |
|
0 |
|a Solar energy.
|
| 650 |
|
0 |
|a Fuel cells.
|
| 650 |
|
7 |
|a Fuel cells.
|2 fast
|0 (OCoLC)fst00935856
|
| 650 |
|
7 |
|a Hydrogen as fuel.
|2 fast
|0 (OCoLC)fst00965012
|
| 650 |
|
7 |
|a Solar energy.
|2 fast
|0 (OCoLC)fst01124984
|
| 650 |
|
7 |
|a Thermochemistry.
|2 fast
|0 (OCoLC)fst01149812
|
| 700 |
1 |
|
|a Konstandopoulos, Athanasios G.
|
| 938 |
|
|
|a YBP Library Services
|b YANK
|n 100556360
|
| 938 |
|
|
|a Baker and Taylor
|b BTCP
|n BK0011091381
|
| 938 |
|
|
|a Brodart
|b BROD
|n 102812365
|c $125.94
|
| 938 |
|
|
|a YBP Library Services UK
|b YBPK
|n 100556360
|
| 938 |
|
|
|a Coutts Information Services
|b COUT
|n 20307016
|
| 938 |
|
|
|a Blackwell Book Service
|b BBUS
|n 100556360
|
| 945 |
|
|
|a PromptCat
|b 829686
|
| 946 |
|
|
|a qatar
|
| 947 |
|
|
|a Q14800054747
|
| 948 |
|
|
|a cataloged
|b h
|c 2013/1/15
|d c
|e jolivare
|f 12:57:55 pm
|
| 994 |
|
|
|a 92
|b TXA
|
| 999 |
|
|
|a MARS
|
| 999 |
f |
f |
|s eeb06167-cb4d-3a2f-be8f-26a073760199
|i 9e553222-dd4d-3f5e-8273-eb2cd330bc4d
|t 0
|
| 952 |
f |
f |
|p normal
|a Texas A&M University
|b College Station
|c Sterling C. Evans Library
|d Evans: Library Stacks
|t 0
|e TP359.H8 P34 2012
|h Library of Congress classification
|i unmediated -- volume
|m A14841656752
|
| 998 |
f |
f |
|a TP359.H8 P34 2012
|t 0
|l Evans: Library Stacks
|